Detalles MARC
| 000 -LIDER |
| fixed length control field |
00911cam a2200313 i 4500 |
| 001 - NÚMERO DE CONTROL |
| Identificador de número de control |
0000463 |
| 003 - IDENTIFICACDOR DE NÚMERO DE CONTROL |
| control field |
DO-SdBNP |
| 005 - DATE AND TIME OF LATEST TRANSACTION |
| control field |
20230517115505.0 |
| 008 - ELEMENTOS DE LONGITUD FIJA |
| fixed length control field |
100514s 2004 sp ||| 000 f spa |
| 015 ## - NÚMERO DENTRO DE LA BIBLIOGRAFÍA NACIONAL |
| National bibliography number |
|
| 017 ## - NÚMERO DE REGISTRO DE DERECHOS DE AUTOR |
| Copyright or legal deposit number |
|
| Assigning agency |
|
| 020 ## - ISBN |
| International Standard Book Number |
9707310472 |
| 035 ## - NÚMERO LOCAL |
| System control number |
|
| 040 ## - FUENTE DE CATALOGACIÓN |
| Agencia que crea de manera original el registro |
BPMSU |
| Idioma de catalogación |
spa |
| Agencia que realiza la transcripción |
BPMSU |
| Convenciones de la despripción |
|
| 080 ## - NÚMERO DE CLASIFICACIÓN DECIMAL UNIVERSAL |
| Universal Decimal Classification number |
|
| 082 #4 - NÚMERO DE CLASIFICACIÓN DECIMAL DE DEWEY |
| Classification number |
862.3 |
| Item number |
C146v 2004 |
| Edition number |
22 |
| 100 1# - ASIENTO PRINCIPAL -- NOMBRE PERSONAL |
| Nombre personal |
Calderón de la Barca, Pedro |
| Fechas asociadas con el nombre |
1600–1681 |
| 245 13 - MENCIÓN DE TITULO |
| Título |
La vida es sueño / |
| Mención de responsabilidad |
Pedro Calderón de la Barca ; estudio y notas Begoña Alonso Monedero. |
| 260 ## - PUBLICACIÓN, DISTRIBUCIÓN, ETC. (PIE DE IMPRENTA) |
| Lugar de publicación, distribución, etc |
México : |
| Nombre del editor, distribuidor, etc. |
Suma de letras, |
| Fecha de publicación, distribución, etc |
2004. |
| Fecha de impresión |
|
| 300 ## - DESCRIPCIÓN FÍSICA |
| Extensión |
239 p. ; |
| Dimensiones |
18 cm |
| 490 0# - MENCIÓN DE SERIES |
| Mención de serie |
Punto de lectura, |
| Volume/sequential designation |
300/3 |
| 500 ## - NOTA GENERAL |
| Nota general |
Edición anotada y comentada |
| 590 ## - NOTA LOCAL |
| Enlace |
Inventariado, 2022/VM |
| 650 #4 - ENCABEZAMIENTO DE MATERIA--TEMÁTICO |
| Término temático o nombre geográfico como elemento de entrada |
Teatro español |
| 650 #4 - ENCABEZAMIENTO DE MATERIA--TEMÁTICO |
| Término temático o nombre geográfico como elemento de entrada |
Literatura espñola |
| 700 1# - ASIENTO SECUNDARIO -- NOMBRE PERSONAL |
| Nombre personal |
Monedero, Begoña Alonso, |
| Mención de responsabilidad |
notas |
| 910 ## - VALIDACIÓN |
| Validación |
YLOCKWARD/VMateo V./Validado |
| 942 ## - ADDED ENTRY ELEMENTS (KOHA) |
| Source of classification or shelving scheme |
Dewey Decimal Classification |
| Koha item type |
Libros |